00885nam a22002417a 450000500170000001000130001702000100003003500130004003700160005304000120006908200160008110000280009724500850012526000360021027000390024630000260028550000500031165000580036165000450041994200250046499900190048995201350050820170124110108.0 aA-950208 c00.00 aA-950208 bCen Lib/Ret aDPLbEN a954.41bCHA aChakravarti, Uma928590 aRewriting history :cby Uma Chakravartibthe life and times of Pandita Ramabai / bKali for Womenc1998aNew Delhi aB1/8, Hauz KhasbNew Delhie110016 axiii,370p. c21cm(Hb) aIncludes bibliographical references and index aChristian converts from Hinduism - Maharashtra928591 aFeminism -- India -- Maharashtra 928592 2ddccENh954.41mCHA c130209d130209 00104070aLbLd2015-07-08eCen Lib/Retg0.00l1o954.41 CHApA-950208r2019-10-28 00:00:00s2019-10-16t1v0.00w2015-07-08yEN